=LDR 00000nam 2200000 4500 =001 NUTBA000000000004197 =005 20200326080615 =035 ##$$a 0010-091400000000230 =008 200326################g##########0#ind## =020 ##$$a 979-24-3319-8 =082 ##$$a 2x1.5 =090 ##$$a 2x1.5-Mar-y =100 1#$$a Marhaban, Musadiq =245 1#$$a Yudas Penghianat atau Penyelamat? /$c Musadiq Marhaban =260 ##$$a Jakarta :$b Lentera,$c 2006 =300 ##$$a 396 hlm., ; $c 24 cm =850 ##$$a NBPNMAT =084 ##$$a 2x1.5 MAR y =250 ##$$a cet.1 =650 #4$$a Al-Qur'an-kritik =990 ##$$a 0001/BPAP-NTB/20142014 =990 ##$$a 0001/BPAP-NTB/20142014 =990 ##$$a 0001/BPAP-NTB/20142014